<?xml version="1.0" encoding="UTF-8"?>
<record
    xmlns:xsi="http://www.w3.org/2001/XMLSchema-instance"
    xsi:schemaLocation="http://www.loc.gov/MARC21/slim http://www.loc.gov/standards/marcxml/schema/MARC21slim.xsd"
    xmlns="http://www.loc.gov/MARC21/slim">

  <leader>00413nam a2200157Ia 4500</leader>
  <controlfield tag="008">230718s9999    xx            000 0 und d</controlfield>
  <datafield tag="041" ind1=" " ind2=" ">
    <subfield code="a">eng</subfield>
  </datafield>
  <datafield tag="082" ind1=" " ind2=" ">
    <subfield code="a">510.620</subfield>
    <subfield code="b">O'N</subfield>
  </datafield>
  <datafield tag="100" ind1=" " ind2=" ">
    <subfield code="a">O'Neil P.V.</subfield>
  </datafield>
  <datafield tag="245" ind1=" " ind2=" ">
    <subfield code="a">Advanced Engineering Mathematics</subfield>
  </datafield>
  <datafield tag="260" ind1=" " ind2=" ">
    <subfield code="c">2009</subfield>
    <subfield code="b">Cengage Learning</subfield>
  </datafield>
  <datafield tag="300" ind1=" " ind2=" ">
    <subfield code="a">1204</subfield>
  </datafield>
  <datafield tag="365" ind1=" " ind2=" ">
    <subfield code="c">Rs.</subfield>
    <subfield code="b">550.00</subfield>
  </datafield>
  <datafield tag="700" ind1=" " ind2=" ">
    <subfield code="a">O'Neil P.V.</subfield>
  </datafield>
  <datafield tag="906" ind1=" " ind2=" ">
    <subfield code="d">O:0032808-Oct-2009B:733309-Jul-2009</subfield>
    <subfield code="c">SS</subfield>
    <subfield code="b">968</subfield>
  </datafield>
  <datafield tag="999" ind1=" " ind2=" ">
    <subfield code="c">322756</subfield>
    <subfield code="d">322756</subfield>
  </datafield>
  <datafield tag="952" ind1=" " ind2=" ">
    <subfield code="0">0</subfield>
    <subfield code="1">0</subfield>
    <subfield code="4">0</subfield>
    <subfield code="7">0</subfield>
    <subfield code="a">CCEP</subfield>
    <subfield code="b">CCEP</subfield>
    <subfield code="d">2009-10-01</subfield>
    <subfield code="e">Varma Book Distributors</subfield>
    <subfield code="f">SS</subfield>
    <subfield code="g">429.00</subfield>
    <subfield code="i">7333</subfield>
    <subfield code="l">1</subfield>
    <subfield code="o">510.620</subfield>
    <subfield code="p">CCEP-BK-33963</subfield>
    <subfield code="r">2025-10-29 17:24:27</subfield>
    <subfield code="s">2025-10-09</subfield>
    <subfield code="t">968</subfield>
    <subfield code="v">550.00</subfield>
    <subfield code="w">2009-07-09</subfield>
    <subfield code="y">BK</subfield>
    <subfield code="z">033963</subfield>
  </datafield>
</record>
